000 00455pab a2200169 454500
008 180718b2005 xxu||||| |||| 00| 0 eng d
100 _aKhasrul, Kazi S.M.
245 _aPersonnel aspects in Bangladesh civil service: policies and practices
260 _c2005
300 _ap.20-35.
362 _aApr-Jun
650 _aCivil service - Bangladesh
650 _aCivil service
700 _aQuddusi, Alam
773 _aIASSI Quarterly
909 _a69740
999 _c69740
_d69740